• 首页
  • 本馆介绍
  • 公告通知
  • 最新文献
  • 馆藏检索
  • 电子资源
  • 读者导购
  • 参考咨询
  • 我的图书馆
  • 登录
  • 详细信息显示
  • 放入我的书架
  • 预约/预借图书
  • 作者相关作品
  • 分类相关作品
  • 丛书相关作品
  • 出版社相关作品

书目信息

  • 表格格式
  • 工作单格式
  • 卡片格式
题名:
小学现代文课外阅读
    
 
作者: 白树民 主编 ;姜立辉 编
分册:   二年级
出版信息: 长春   吉林大学出版社  2009.03
页数: 128页
开本: 26cm
丛书名: 新黑马阅读
单 册:
中图分类: G624.23
科图分类:
主题词: 语文--阅读教学--小学--课外读物 , 语文 , 阅读教学
电子资源:
ISBN: 978-7-5601-4206-7
000 01096oam2 2200325 450
001 010010000063
005 20250317105002.28
010    @a978-7-5601-4206-7@dCNY12.80@z7-5601-4206-0
100    @a20091123d2009 cd y0chiy0110 ea
101 0  @achi
102    @aCN@b220000
105    @aa z 000yy
106    @ar
200 1  @a小学现代文课外阅读@9xiao xue xian dai wen ke wai yue du@i二年级@f白树民主编@g姜立辉[等]编
205    @a4版@b修订版
210    @a长春@c吉林大学出版社@d2009.03
215    @a128页@c图@d26cm
225 2  @a新黑马阅读
330    @a本书内容包括:春;花钟;春雨;春雷;夏夜星空;美丽的秋天;下雪了;秋天的原野;四季我都爱;神奇的九寨沟;地球什么样等。
461  0 @12001 @a新黑马阅读@1701 0@a张煦@4总主编
512 1  @a现代文课外阅读@9xian dai wen ke wai yue du@i小学②年级
606 0  @a语文@x阅读教学@x小学@j课外读物
606 0  @a语文
606 0  @a阅读教学
690    @aG624.23@v4
701  0 @a白树民@9bai shu min@4主编
702  0 @a姜立辉@9jiang li hui@4编
801  0 @aCN@bRENTIAN@c20091123
803    @a中小学
905    @b1553383@dG624.23@e5307:2@f1
    
    小学现代文课外阅读.二年级/白树民主编/姜立辉[等]编.-4版,修订版.-长春:吉林大学出版社,2009.03
    128页:图;26cm.-(新黑马阅读)
    
    
    ISBN 978-7-5601-4206-7:CNY12.80
    本书内容包括:春;花钟;春雨;春雷;夏夜星空;美丽的秋天;下雪了;秋天的原野;四季我都爱;神奇的九寨沟;地球什么样等。
●
相关链接 在E读中查询图书 在五车中查询图书 在当当中查询图书 在豆瓣中查询图书


正题名:小学现代文课外阅读     索取号:G624.23/5307:2         预约/预借

序号 登录号 条形码 馆藏地/架位号 状态 备注
1 1553383   215533830   不外借—密集书库/ [索取号:G624.23/5307:2] 在馆    
唐山师范学院图书馆 欢迎您!
大连网信软件有限公司© 版权所有